[Event "Hoogovens"]
[Site "Wijk aan Zee NED"]
[Date "1990.01.??"]
[Round "9"]
[White "Kuijf, Marinus"]
[Black "Andersson, Ulf"]
[Result "0-1"]
[WhiteElo "2490"]
[BlackElo "2630"]
[EventDate "1990.01.??"]

{str 146} 
1. e4 c5 2. Nf3 Nc6 3. Bb5 g6 4. O-O Nd4 {malo pouzivane a vice mene horsi
tah. Obvykle pokracovani je 4...Bg7 s prevodem do hlavni varianty} 5. Bc4 
( 5. Nxd4 cxd4 6. d3 Bg7 7. Bc4 d6 8. f4 Nf6 9. Qf3 += {Cordovil - Durao, 
Portugal 1992} ) 5. ... Bg7 6. c3 Nxf3+ 7. Qxf3 e6 8. d4 cxd4 D 9. cxd4 
Ne7 ( 9. ... Bxd4 10. Nc3 a6 11. Bf4 +/- {s velkym naskokem ve vyvinu.} 
11. ... Ne7 12. e5 O-O 13. Ne4 f5 14. exf6 Bxf6 15. Nxf6+ Rxf6 16. Qe3 d5 
17. Bd3 Rf7 18. Rac1 Nc6 19. Bg5 Qd6 20. f4 =+ Qb4 21. Rf2 Bd7 22. Bb1 Qd4
23. Qxd4 Nxd4 24. Rd2 Nf5 =+ ) 10. Bg5 O-O 11. Nc3 h6 12. Be3 ( 12. Bf6 
Bxf6 13. Qxf6 d5 14. exd5 Nxd5 15. Qe5 Nxc3 16. bxc3 b6 += ) 12. ... a6 
13. Rad1 b5 14. Bb3! ( 14. Bd3 ) 14. ... d6 {Vznikla pruzna pozice podobna
Moderni obrane. Bily ma mirnou vyhodu v prostoru, ale cerna pozice je 
pruzna. } 15. Qh3 Kh7 16. f4 Bd7 ( 16. ... b4 17. Ne2 a5 18. a4 d5 = 19. 
e5 Ba6 20. Rfe1 Qd7 21. Bf2 h5 22. Rc1 ) 17. e5 d5 18. g4 {Bily sni o 
postupu f4-f5} 18. ... Rc8 19. Rf2 a5? {Cerny prehlizi dulezity bod v 
souperove utocnem planu a mel dat prednost tady: } ( 19. ... f5 20. exf6 
Rxf6 21. Ne2 ( 21. g5 Rf7 22. gxh6 Bf6 23. Qg4 Kh8 24. Rc2 Rh7 25. Ne2 
Rxc2 26. Bxc2 Rxh6 27. Qg2 Nf5 =+ ) 21. ... Kg8 22. Rc1 Qb6 = ) 20. a3? ( 
20. f5 gxf5 21. Bg5 f6 ( 21. ... Rg8 22. gxf5 Bf8 23. Rg2 b4 24. Bf6 Rxg2+
+/- ) 22. exf6 Rxf6 23. Bxf6 Bxf6 24. gxf5 Nxf5 25. Bc2 +/- ) 20. ... f5 
21. exf6 ( 21. g5 h5 = ) 21. ... Rxf6 22. Nb1 {Bily se pokousi pres d2 a 
f3 obsadit dulezite centralni pole e5, ale idea je zmarena cernym. Bileho 
plan stoji mnoho casu pro tento druh pozic, ktera je dost dynamicka. } ( 
22. g5 Rf7 23. gxh6 Bf6 {struktura se zmenila v prospech cerneho, jelikoz 
h2, h6, f4 a d4 jsou slabiny a ... Nf5 je mozne.} ) ( 22. Qf1 Rb8 =+ {s 
planem b4} ) 22. ... Kg8! {Profylakticky tah, ktery brani g4-g5 bilemu. 
Soucasne tento tah ma zamer ktery neni jasny az do dalsiho tahu. } 23. Nd2
{Bily zamysli Nf3-e5 po cem jeho pozice by byla lepsi. Tak cerny musi 
prijit s resenim ihned. Jak predejde soupere? } 23. ... h5! {Vynikajici 
pozicni paka, ktera zajisti silne pole na f5 cernemu. } 24. gxh5 Nf5 =+ {
Toto silne pole pro jezdce znacne meni hodnoceni pozice. Cerne figury 
ozily a Andersson je do sedla. } 25. Rg2 Be8 26. hxg6 Rxg6 27. Rxg6 Bxg6 {
Cerny  muze mit pesvce mene, ale ma lepsi pescovou strukturu. BIly na 
druhe strane ma slaba bila pole. BIle lehke figury nemaji specificke role 
a jsou spatne umisteny. Navic cerny dominuje na c- sloupúc a bily kral je 
hure postaven nez cerny. } 28. Nf3 a4 ( 28. ... Nxe3?? 29. Qxe6+ +/- ) 29.
 Ba2 Rc2 -/+ 30. Qg4 {Bily doufal stale o protihre tady, ale dalsi tah 
zpusobi kolaps jeho pozici, jaky to bude tah? } ( 30. Rd2 Rc1+ 31. Kf2 Ra1
32. b3 Qc8 -+ ) ( 30. Bb1 Rxb2 31. Ne5 Bxe5 32. dxe5 Qe7 -/+ ) ( 30. Ne5 
Bxe5 31. fxe5 Nxe3 32. Qxe3 Qh4 33. Qg3 Qxg3+ 34. hxg3 Rxb2 -+ ) 30. ... 
Qe8! -+ {Tah vypada tak nepuvabne, ale vyhrava ve vsech variantach pro 
hrozbu 31... Bh5. Navic strelec na e3 visi protoze protiuder Qxe6+ neni 
mozny. } 31. Bf2 Bh5 32. Qh3 Qg6+ 33. Kf1 Bg4 ( 33. ... Bg4 34. Qg2 Ne3+ 
35. Bxe3 Rxg2 36. Kxg2 Bxf3+ 37. Kxf3 Qh5+ -+ ) 0-1

[Event "Bundesliga 0304"]
[Site "GER"]
[Date "2004.02.15"]
[Round "9.3"]
[White "Krivoshey, Sergei"]
[Black "Andersson, Ulf"]
[Result "0-1"]
[WhiteElo "2495"]
[BlackElo "2566"]
[EventDate "2003.11.01"]

{str. 149} 
1. Nf3 Nf6 2. c4 c5 3. Nc3 g6 4. d4 cxd4 5. Nxd4 Bg7 6. e4 d6 7. Be2 O-O 
8. O-O Nc6 9. Be3 Nxd4 10. Bxd4 Be6 11. f4 a6 12. b3 Rc8 13. g4 {
Hyperagresiveni utocny tah bileho , ktery chce presvedcit soupere ze ho 
chce zadupat. V Anderssonove karier vsak je mimoradne vzacne aby byl 
prehran timto zpusobem. Jeho obrana je velmi delikatni. } ( 13. Qd3 Qa5 
14. Rac1 Bg4 15. e5 Bxe2 16. Qxe2 Nd7 17. b4 Qd8 18. Rfd1 dxe5 19. Bxe5 
Bxe5 20. fxe5 Qb6+ 21. c5 Qe6 22. Rd5 Nb8 23. Rcd1 Nc6 24. b5 axb5 25. 
Qxb5 Nxe5 26. Qxb7 Ng4 27. R5d3 Qe5 28. Qd5 Qxh2+ 29. Kf1 Qf4+ 30. Kg1 
Qf2+ {0-1(31) Horvath, Jozsef (2514) - Jaracz, Barbara (2270) / Boeblingen
Open 19th (4), Boeblingen 2002} ) 13. ... Bd7! D {Klidny ustup, ktery 
vytrhne zihadlo postupu f4-f5 a soucane podporuje protiuder ...b5. Jestli 
cerny by zde zahral okamzite ...13...b5, Bily by ziskal silny utok: } ( 
13. ... b5 14. f5 Bd7 15. g5 Ne8 16. Bxg7 Nxg7 ( 16. ... Kxg7 17. Nd5 ) 
17. f6 exf6 18. gxf6 Ne6 19. Qxd6 +- ) 14. g5 Ne8 15. f5 Bxd4+ ( 15. ... 
Rc5!? {je zajimava obet kvality, ktera vede k protihre. } ) 16. Qxd4 Rc5! 
{To je pointa obrany cerneho. Tento silny tah vezi brani okamzitemu f5-f6 
jelikoz pesec g5 vici a cerny dominuje na 5 rade. } 17. Bd3 {Najdete 
silny, solidni obrann usporadani ktere vyznamne brani bileho usili utocit.
} ( 17. Nd5 e6! 18. b4 Qxg5+ 19. Kh1 exd5 20. bxc5 dxc5 21. Qxd5 Bc6 22. 
Qxc5 Nf6 {s protiutokem } ) 17. ... Re5! {Velmi originalni a vzacne 
postaveni veze ve strednio hre! Zde vez stoji jako skala proti prilivu. 
NEmuze byt napadana, blokuje bilou damu a s kontrolou e5 zajistuje pevne 
postaveni v centru sachovnice. Navic cerny nyni ma k dispozici proti paku 
... f6 a e6.} 18. Rf2 f6! {Cerny zacina protiutok a profylakticky brani 
bilemu pred budoucim f5 - f6. } 19. gxf6 ( 19. Raf1 gxf5 20. exf5 fxg5 21.
 Rg2 Nf6 22. Rxg5+ Kh8 ~ ) 19. ... Nxf6 20. Rg2 Be8 {Dobry obranny tah. Na
f7 strelec muze obsadit lepsi obrannou pozici nez by byl na d7.} 21. Nd5 D
Kh8 {Cerny uvolnuje sloupec g, coz je absolutne nutne kvuli bile formaci} 
( 21. ... Nxd5? 22. exd5 +/- ) 22. Rf1 Bf7 {Zde cerny mohl take vymenit na
f5 s vice mene stejnymi vyhlidkami, ale Andersson chtel udrzet napeti. 
Toto nam rika ze zamyslel hrat na vyhru v teto pozici } ( 22. ... gxf5 23.
 Rxf5 Rxf5 24. exf5 Bc6 = ) 23. Nxf6 {Zde napriklad 23. Kh1 stalo take za 
uvahu, vedlo k podobnym pozicim jako v partii } ( 23. Kh1 gxf5 24. Nxf6 
exf6 25. Rxf5 Bg6 ) 23. ... exf6 24. Bc2 Qe7 D {Na prvni pohlerd cerneho 
pescova struktura se zda fragmentovana a rozhazena. Na druhou stranu cerny
ma lepsiho strelce. Navic cerny ma pole e5 a sloupec e a vyviji tlak na 
e4. Pozice je priblizne vyrovnana. } 25. Rd2? {Vez by udelala lepe zustat 
na sloupci g a branil g2. } ( 25. fxg6 Bxg6 26. Rf4 {by bylo vice zadouci.
} ) 25. ... Rd8?! {Neobvykla nepresnost Anderssona. Zridka miji 
prilezitost ziskat vyhodu zjednodusenim pozice. Avsak to by bylo po } ( 
25. ... gxf5 26. Rxf5 ( 26. Qxd6 fxe4 27. Qxe7 ( 27. Qxf6+ Qxf6 28. Rxf6 
e3 29. Re2 Rg5+ 30. Kf1 ( 30. Kh1 Bd5+ -+ ) 30. ... Kg7 31. Rf3 Bxc4 -+ ) 
27. ... Rxe7 28. Rxf6 e3 29. Re2 Rg8+ 30. Kf1 Bh5 -+ ) ( 26. exf5 Rg8+ 27.
 Rg2 Rxg2+ 28. Kxg2 Be8 { 29. ... Bc6+ s  utokem na bileho krale.  }) 
26. ... Rxf5 27. exf5 Qe1+ 28. Kg2 Rg8+ -+ ) 26. fxg6 Bxg6 27. c5? {Bily 
prehlizi nasledujici tah cerneho a dava duleziteho pesce. Lepsi tah byl } 
( 27. Rf4 b5 {s nejasnou situaci. Cerna vez stale obsazuje pole e5 jako 
skala v prilivu. Cerna pozice je prijemnejsi hrat, jelikoz je snadnejsi 
ziskat bile pesce a jelikoz pozice bileho krale je citlivejsi k utoku nez 
cerneho krale. } ) 27. ... Rg8 28. Rg2 {Bily se vyzbrojil proti odkrytemu 
sachu. } 28. ... dxc5 29. Qf2 D Rf8! {Nejpresnejsi tah, jelikoz } ( 
29. ... Bxe4 {by dovolil bilemu protihru: } 30. Bxe4 Rxe4 31. Qxf6+ Qxf6 
32. Rxg8+ Kxg8 33. Rxf6 {Cerny ma pesce, ale bude mit vazne technicke 
problemy vyhrat tuto pozici ani 29...Kg7 by nebyla dobra alternativa, 
jelikoz cerny nemuze slupnout e4 pro vazbu. } ) 30. Kh1 {Jeste nejlepsi 
pokus. BIly doufa ze bude mit taktickou protihru  v koncovce tezkych 
figur. Pesec e je definitivne urcen k zahube. } 30. ... Bxe4 31. Bxe4 Rxe4
32. Rfg1 Re5 33. Qh4 D {Navzdory materialni prevaze neni snadne vyhrat v 
konciovce tezkych figur, kdy maji obe strany exponovane krale. Najdete 
pohodlnou cestu k vyhre. } 33. ... Rg5! {Vynikajici vymeny zjednodusuji 
pozici k prospechu cerneho a je na ceste k vitezstvi. Vez udelala praci na
5 rade.} 34. Rxg5 fxg5 35. Qxg5 ( 35. Rxg5 Rf1+ 36. Kg2 Qe2+ 37. Kh3 Rf3+ 
38. Rg3 Qf1+ 39. Kg4 Rf4+ -+ ) 35. ... Qe4+ 36. Qg2 Qxg2+ {Bily se nemuze 
vyhnout prechodu do elementarni pescove koncovky. } 37. Kxg2 ( 37. Rxg2 
Rf1+ 38. Rg1 Rxg1+ 39. Kxg1 -+ ) 37. ... Rg8+ 0-1

[Event "Brasilia"]
[Site "Brasilia BRA"]
[Date "1981.??.??"]
[Round "Katalanska koncovka "]
[White "Andersson, Ulf"]
[Black "Filguth, Rubens Alberto"]
[Result "1-0"]
[WhiteElo "2610"]
[BlackElo "2375"]
[EventDate "1981.03.??"]

1. Nf3 Nf6 2. c4 e6 3. g3 d5 4. d4 dxc4 5. Qa4+ Nbd7 6. Bg2 a6 7. Nc3 Rb8 
8. Qxc4 b5 9. Qd3 Bb7 10. Bf4 {Zahajeni pokracuje podle podobne linie s 
partii 54 Andersson - Milov, kde bylo hrano 10.0-0
} 10. ... Bd6 11. O-O Bxf4 12. gxf4 {V mnoha pripadech zdvojeni pesci jsou
nevyhodou ve stredni hre, ale v teto specificke pozici bily ma trvalou 
kontrolu duleziteho centralniho pole e5 a dale ma moznost vyuziti 
g-sloupce pro vlastni ucely. } 12. ... c5 13. dxc5 Nxc5 14. Qxd8+ Rxd8 15.
 Rfc1 Nce4 ( 15. ... b4 {trvale oslabuje pole c4: } 16. Nd1 Nfe4 17. Ne3 
+= ) 16. Nxe4 Bxe4 ( 16. ... Nxe4 17. Ne5 += ) 17. Ne5 O-O 18. Bxe4 Nxe4 
19. Rc2 += {Bily obsazuje c-sloupec a rad by postavbil jezdce na d3. Potom
je idea jit na pesce a6 pomoci Rc6} 19. ... Rd2 {Vymena vezi usnadnuje 
bilemu obsadit 7. radu} ( 19. ... f6 20. Nd3 Rfe8 21. Rc7 Kf8 22. f3 += ) 
20. Rxd2 Nxd2 21. Rc1 Ra8?! ( 21. ... f6 22. Nd3 Rd8 23. Rc6 Nf3+ 24. Kf1 
a5 25. Rxe6 Nxh2+ 26. Kg2 Ng4 27. Rb6 += ) 22. Rc7 f6 23. Nd3 +/- {Jezdec 
se dostal na idealni pole. Z nej kontroluje nejdulezitejsi centralni pole.
Navic bily hrozi Re7} 23. ... e5?! {Cerny zkousi marne obetovat pesce aby 
uvolnil ozici a dosahl nejake protihry, ale dokonce s ostatnimi 
pokracovani bily muze udrzet vyhodu. } ( 23. ... a5 24. Nc5 Re8 25. Ra7 e5
26. f5 +/- ) ( 23. ... Rd8 24. Nc5 Rd6 25. Ra7 +/- ) 24. fxe5 fxe5 25. 
Nxe5 Re8 26. f4 g5 ( 26. ... Nc4 27. Nxc4 bxc4 28. Kf2 Rb8 29. Rxc4 Rxb2 
30. a4 Ra2 31. Kf3 Kf7 32. h4 +/- D {Jakym presnym tahem  mohl Andersson 
premenit vyhodu ve vyhru. } ) 27. Ng4! {Vynucena cesta k vitezstvi. 
Nasledujici vymeny jsou vynuceny a vedou do dvema pescum navic a jasne 
vyhrane pozici. Toto je nejpresnejsi varianta jelikoz} ( 27. e3 gxf4 28. 
exf4 Rf8 29. Nd3 {vede k vyhode ktera neni zcela presvedciva. Je zajimave 
jak presne svetovi hraci hraji v lepsich pozicich. Nepusti soupere z haku.
} ) 27. ... Rxe2 28. Nf6+ Kf8 29. Nxh7+ Kg8 ( 29. ... Ke8 30. Nxg5 Nc4 31.
 b3 Ne3 32. Rc6 +- Rxa2? 33. Re6+ ) 30. Nxg5 Nc4 31. b3 Nd6 ( 31. ... Ne3 
32. Re7 +- ) 32. Rc6 Nf5 D 33. Rg6+ {Presnejsi nez 33:Rxa6, jelikoz po 
sachu kral musi jit do rohu. } 33. ... Kh8 34. Rxa6 Kg7 35. a4 bxa4 36. 
bxa4 Ra2 37. Nf3 Ne3 38. Nh4 Kf7 39. h3 Nd5 40. Ng6 Nc3 41. a5 Ne2+ 42. 
Kf1 Ng3+ 43. Ke1 Re2+ 1-0

[Event "Sarajevo"]
[Site "Sarajevo BIH"]
[Date "1985.??.??"]
[Round "15"]
[White "Andersson, Ulf"]
[Black "Georgiev, Kiril"]
[Result "1-0"]
[WhiteElo "2575"]
[BlackElo "2535"]
[EventDate "1985.03.??"]

1. Nf3 d5 2. d4 Nf6 3. c4 e6 4. g3 Be7 5. Bg2 O-O 6. O-O dxc4 {Cerny mohl 
take vybrat zavrenou Katalanskou s 6...c6 a potom .. Nbd7  a  ..b6, ... 
Bb7 nebo Ba6. Soucasne 6...dxc4 je teoreticky velmi popularni a solidni 
pokracovani. } 7. Qc2 a6 8. Qxc4 {Zde se hralo casto 8.a4} 8. ... b5 9. 
Qc2 Bb7 D 10. Bf4 {Alternativne bily mohl vybrat 10.Bd2 nebo 10.Bg5 v 
tomto bodu. Nyni 10.Bd2 je nejpopularnejsi pokracovani, ktere napriklad 
pravidelne pouziva Gelfand. } 10. ... Nc6 11. Rd1 Nb4 12. Qc1 Rc8 13. Nc3 
Nbd5 14. Be3 Qd6 ( 14. ... c6 15. Ne5 Qb6 16. Nxd5 cxd5 17. Qd2 b4 18. Bg5
Rc7 19. Rac1 Rfc8 = {Andersson - Beliavsky, Reggio Emilia, 1889/90} ) 15. 
Nxd5 Nxd5 16. Bg5 c5 17. dxc5 Rxc5 18. Bxe7 Qxe7 19. Qd2 Rfc8 ( 19. ... 
Nf6 20. Rac1 h6 21. Rxc5 Qxc5 22. Rc1 Qb6 23. Ne5 Bxg2 24. Kxg2 Qb7+ 25. 
f3 Rc8 26. Rxc8+ Qxc8 27. Qd6 Nd5 28. Nc6 Kh7 29. Kf2 Qb7 30. Qc5 Qc7 31. 
a3 Ne7 32. Qxe7 Qxc6 {1/2-1/2 Andersson - Beliavsky, Debrecen 1992} ) 20. 
Ne1 h6 21. Rac1 Rxc1 22. Rxc1 Rxc1 23. Qxc1 Nf6 24. Nd3 Bxg2 25. Kxg2 Qb7+
26. f3 {Po nekolika vymenach, bily zustal s mikroskopickou vyhodou v teto 
katalanske koncovce. Dominuje na c-sloupci a pesci na damskem kridle byly 
mirne oslabeni. Manevr Ne1-d3 je typicky pro takove pozice. Z d3 jezdec 
kontroluje dulezita pole c5, e5 a b4 a po budouci vymene dam by okamzite 
byl v pozici k utoku na slabe pesce na damskem kridle.} 26. ... a5 27. Ne5
{Bily kontroluje pole c6} 27. ... Nd5 28. Qc5 += D {Bily obsazuje dulezite
pole c5, tudiz kontroluje vice prostoru a omezuje cerneho moznosti, 
zatimco cedrne damske kridlo zustava slabe. Jsou jiste  dobre remizove 
sance, ale cerny bude muset hrat  extremne presne. } 28. ... f6 29. Nc6 
Ne3+ ( 29. ... a4 30. b4 axb3 31. axb3 Nc7 32. h4 +/- {a potom 33.h5 a 
bily ma vyhodu na obou kridlech} ) 30. Kf2 Nd1+ 31. Ke1 Qd7?! {Nepresnost.
Zde cerny mel sanci vzit na b2 okamzite a dosahnout vyrovnane koncovky: } 
( 31. ... Nxb2 32. Nd4 ( 32. Qd6 e5 = ) 32. ... Qd7 ( 32. ... Qd5 33. Qxd5
exd5 34. Nxb5 += ) 33. Nxb5 Qd1+ 34. Kf2 Qd2 {s protihrou.  Gerorgiev 
prehledl nasledujici silny tah, ktery zjednodusuje na jezdcovou koncovku 
plnou moznosti. Jelikoz bily pritahl jiz sveho krale blize damskeho kridla
kde cedrny kral se jeste louda na kral. kridle, cerny absolutne musi 
zabranit vymene dam. } ) 32. Nb8 Qe8 {Jak bily vynuti jasne vyhodnou 
koncovku? } ( 32. ... Qb7 33. Qc6! ) ( 32. ... Qd8 33. Qxb5 ) 33. Qc6! {
Velmi jemne! Cerny nemuze dele udelat prechod do damske koncovky, jelikoz 
bily ma okamzite vzeti se sachem na e6. Vznikajici jezdcova koncovka byla 
spravne uvazovana Anderssonem jako vyhodna pro nej. } 33. ... Qxc6 34. 
Nxc6 Nxb2 35. Nxa5 +/- {Cerny kral je prilis daleko od slabeho pesce b5. 
Dale cerny jezdec je spatne umisten. Bily ma jasnou vyhodu. } 35. ... Kf7 
36. Kd2 Ke7 ( 36. ... Na4 37. Nc6! +/- {se zamerem Na7 nebo Nd4. Take kral
nema dulezite pristupove pole e7. } ) 37. Kc3 Nd1+ 38. Kb4 Kd7 39. a3 e5 D
( 39. ... Kc7 40. Kxb5 Nc3+ 41. Kc4 Nxe2 42. f4 +/- D {Bily ma vzdaleneho 
pesce a muze centralizovat sveho jezdce s Nb3-d4, ktery ma vyhlidky na 
uspech. } ) 40. e4! {Tah ktery dela hodne dulezitych veci: fixuje pesce na
cernych polich a obsazuje dulezite centralni pole d5. Navic bily uze nyni 
vzit pesce b5 bez ztraty sveho pesce e ... ..Nc3+.} 40. ... g5 ( 40. ... 
Ne3 41. Kxb5 Nf1 42. Nc4 Nxh2 43. Kb6 Nxf3 ( 43. ... Kc8 44. a4 Kb8 45. a5
Nxf3 46. a6 Nd4 47. a7+ Ka8 48. Ka6 { 49. Nb6# }) 44. a4 Nd4 45. a5 Nc6 ( 
45. ... Ne6 46. a6 Nc7 47. a7 h5 48. Kb7 g5 49. Nb6+ Kd8 50. Nd5 +- D ) 
46. a6 h5 47. Na5! +- {a pesec se promeni v damu. } ) 41. g4! {Toto 
zabrani cerneu posledni sance 41...g4 a fixuje pesce. } 41. ... Ne3 42. 
Kxb5 Nc2 43. a4 Nd4+ ( 43. ... Kc7 44. Nc6 Ne1 45. Ne7 Nxf3 46. Nd5+ Kb7 
47. Nxf6 Nxh2 48. Kc5 Nf3 49. Kd5 Ka6 ( 49. ... Kc7 50. a5 Kb7 51. Nd7 Ka6
52. Nxe5 Nh2 53. Kd6 Kxa5 54. Nc4+ Kb4 55. Ne3 +- ) 50. Nd7 Ka5 51. Nxe5 
Nh2 52. Nc4+ Kxa4 53. Ne3 +- ) 44. Kb6 Nxf3 45. Nc4 {Dobry priklad pozicni
vyhody vzdaleneho pesce  v jezdcove koncovce: } ( 45. Nc4 Nd4 ( 45. ... 
Nxh2 46. a5 +- {a pesec probehne. } ) 46. a5 Nc6 47. a6 Ne7 48. Kb7 Nc6 
49. Ne3 +- ) 1-0

[Event "Cannes schev"]
[Site "Cannes FRA"]
[Date "1989.??.??"]
[Round "?"]
[White "Andersson, Ulf"]
[Black "Miralles, Gilles"]
[Result "1-0"]
[WhiteElo "2620"]
[BlackElo "2400"]
[EventDate "1989.02.??"]

1. c4 Nf6 2. Nf3 e6 3. g3 d5 4. Bg2 Be7 5. O-O O-O 6. d4 dxc4 7. Qc2 a6 8.
 Qxc4 b5 9. Qc2 Bb7 10. Bg5 {Tato varianta by se nemela podcenovat. Bily 
vymeni jezdce na f6 a jeho plan je udelat tezky postup .. c5 zahranim 
Nd2-b3. Po dalsich vyenach bily casto ziska minimalni vyhodu v koncovce, 
jelikoz cerny a mirne oslabene kralovske kridlo ... a6 a ...b5.  Tato 
varianta je dosti remizova, ale nicmene bily ma dobry pomer vyher ze 
statistickeho hlediska. V tomto typu pozic Andersson vyzkousel vsechny 
tahy strelce 10.Bd2, Bf4, Bg5) v kazdem pripade s dobrymi vysledky. Nyni 
svetovi hraci jako V. Kramnik a Gelfand pouzivaji 10.Bd2 s velkym 
uspechem. } 10. ... Nbd7 11. Bxf6 Nxf6 12. Nbd2 Rc8 13. Nb3 Be4 {Casto 
hrany tah, ale } ( 13. ... c5 {je take mozny, se sancemi na vyrovnani u 
cerneho. } 14. dxc5 Be4 15. Qc3 Bd5 16. Rfd1 Qc7 17. Nfd4 Bxc5 18. Bxd5 
Nxd5 19. Qxc5 Qxc5 20. Nxc5 Rxc5 21. Rac1 Rxc1 ( 21. ... Rfc8? 22. Rxc5 
Rxc5 23. e4 Nf6 24. Nxb5! +- ) 22. Rxc1 += {Vznika typicka Katalanska 
koncovka. BIly ziskal  c-sloupec a muze vzit za cil slabe pesce na damskem
kridle bez brani rizika. } ) 14. Qc3 Nd5 15. Qd2 D Nb4 {Tento tah je 
neobvykly. Idea je 16..Bd5 a potom 17...Nxa2. Idea je 16...Bd5 a potom 
17....Nxa2. Strategicky receno vsak tento tah ma nevyhodu ze nepomaha 
dosahnout absolutne nezbytny postup ...c5. Z toho duvodu  se hraje obvykle
15,,,,c5 nebo 15...Bb4. Jedna zajimava partie je tato: 

Str. 157} ( 15. ... Bb4 16. Qc1 c5 17. dxc5 Qc7 18. Qg5 Bxc5 19. Rac1 Qd6 
20. Nxc5 Rxc5 21. Qe5! {idea za 18.Qg5! nyni se stava jasna ve vynucenem 
prechodu do vyhodne koncovky pro bileho } 21. ... Qxe5 22. Nxe5 Rxc1 23. 
Rxc1 Bxg2 24. Kxg2 += {V teto koncovce cerny ma nevdecny a obtizny obranny
ukol pred sebou, Panelo Munoz - Stefansson, Barcelona 2004} ) 16. Rfc1 += 
{Bily kontroluje c-sloupec a je pripraven hrat Nc5} 16. ... Bd5 17. Qd1 {
Tento tah brani 17...Nxa2 a planuje a2-a3 a potom Nc5. } ( 17. Nc5!? Nxa2 
18. Rd1 += {je asi taky mozne. } ) 17. ... a5 18. a3 a4 19. Nc5 Nc6 {Jedna
alternativa je } ( 19. ... Bxc5 20. Rxc5 Na6 21. Rxb5 ( 21. Rc3 c5 = ) 
21. ... c6 22. Rxd5 cxd5 23. Qxa4 D {s nejasnou pozici. Typ pozice ktera 
vznkla je zcela jina nez obvykla Katalanska struktury  a je velmi tezke 
posoudit zda bili volni pesci jsou dominantni  nebo zda je kvalita a 
c-sloupec ktery dava cernemu vyhodu. Katalansky strelec g2, ktery je 
spatny v tomto pripade, muze byt rychle mobilizovan pomoci e2-e3 a Bf1.} )
20. Nb7 ( 20. e4 Bc4 21. Nxa4 Na5 {s nejasnymi koplikacemi, do kterych 
bily vsak nemusi vstoupit.} ) 20. ... Qd7 21. e3 Rb8 22. Nc5 Qc8 ( 22. ...
 Bxc5 23. Rxc5 {vede ke katalanske strukture. Bily muze vyvinou silny tlak
po c- sloupci bez opozice. Cerny je bez protihry.} ) 23. Nd2! D {Bily meni
silneho strelce na d5 a tlaci na damske kridlo.} 23. ... Rd8 24. b4! {C 
sloupec a zvlaste pole c5 jsou zvyraznene jako slabe body. } 24. ... axb3 
{Vymena na b3 je vice mene vynucena vzhledem k nasledujicim variantam: } (
24. ... Bxg2 25. Kxg2 e5 26. Qf3 Rb6 27. d5 Bxc5 28. bxc5 Rb8 29. Ne4 += )
( 24. ... Rb6 25. Bxd5 Rxd5 26. Nde4 +/- ) 25. Ndxb3 Rb6 ( 25. ... e5 26. 
Bxd5 Rxd5 27. Qf3 Qd8 28. Ne4 Rb6 29. Nc3 Rd6 30. d5 += {a potom 31.e4. 
Bily ma jasnou vyhodu v prostoru a jeho figury jsou lepe koordinovany. } )
26. Bxd5 Rxd5 {Po } ( 26. ... exd5 27. a4 bxa4 28. Rxa4 {Cerna struktura 
pescu bude dlouhodoby problem kvuli zpozdenemu pesci c a pesci d5 ktery 
zacina vypadat slaby. } ) 27. a4 bxa4 28. Nxa4 Ra6 29. Qc2 {Zaradili jsme 
tuto partii do kapitoly koncovek jelikoz tato nebo podobne pescove 
struktury se stavaj kdyz cerny nezvladne se dostat k osvobozujicimu 
postupu ... c7-c5. V teto partii Andersson demonstruje zpusob jak to 
vyuzit. } 29. ... Bd6 30. Nc3 Nb4 31. Qe2 Rg5 32. Rxa6 Nxa6 33. Ne4 Rd5 
34. Ra1 D {Bily shromazdil nekolik vyhod: obsadil sloupec a, a cerny pesec
c7  je jeste problem ktery nemuze byt vyreseny pomoci .... c7-c5 . Navic 
cerna vez na d5 stezi ma nejake pole kam jit a naposledy cerna posledni 
rada je take slaba. } 34. ... Nb8 ( 34. ... Nb4 35. Qc4 Bf8 36. Ra7 +- ) 
35. Nc3 Rg5 36. Ne4 Rd5 37. Nc3 {Opakovani tahu privadi bileho blize k 
casove kontrole. } 37. ... Rg5 38. Qc4 Qb7 39. Rb1 Qc6 ( 39. ... Qa8 40. 
Nb5 ) 40. Nc5 Nd7 {Cerny ma alternativni tah 40...Qe8 } ( 40. ... Qe8 D {
Neni to cesta z problemu. Najdete presvedcivy vyhravajici tah. } 41. Qa4 
Qf8 42. N5e4 Rg6 ( 42. ... Rh5 43. Nxd6 cxd6 44. Qa8 Nd7 45. Qa7 +- ) 43. 
Nxd6 cxd6 44. Qb5 +- ) 41. Nxd7 Qxd7 42. Ne4 1-0